000 00501nam a2200181Ia 4500
005 20250508151640.0
008 008 250505s9999 xx 000 0 eng d
037 _aTextual
040 _aFEDL
_beng
_cFEDL
041 _aeng
_2eng
084 _a823.82, ECK
_qFEDL
100 _aEckersley C E
_968483
245 0 _aWilliam makepeace thackeray
260 _aLondon, UK
_bLongmans, Green and Co.
_c1950
300 _a104p.
942 _cTEXL
_h823.82, ECK
999 _c1331148
_d1331148